[Event "Challenge"]
[Site "http://www.queenalice.com/game.php?id=374307"]
[Date "2008.3.20"]
[Round "-"]
[White "brunfmelo"]
[Black "CowboyNoel"]
[Result "0-1"]
[WhiteElo "1000"]
[BlackElo "1586"]

1. e3 e5 2. Qh5 Nc6 3. Nf3 Qf6 4. Bd3 d6 5. Ng5 g6 6. Qh4 Bf5 7. Qa4 Qxg5 8. e4
Bd7 9. Nc3 Qxg2 10. Rf1 Nd4 11. Rb1 Bxa4 12. Nxa4 Nf6 13. c3 Nf3+ 14. Ke2 O-O-O
15. Bc4 Nxh2 16. Rd1 Qxe4# 0-1

[Event "Challenge"]
[Site "http://www.queenalice.com/game.php?id=380886"]
[Date "2008.4.2"]
[Round "-"]
[White "brunfmelo"]
[Black "bingchess"]
[Result "0-1"]
[WhiteElo "991"]
[BlackElo "1292"]

1. e4 Nc6 2. Nc3 e6 3. g3 Bc5 4. d3 Bd4 5. Bf4 e5 6. Be3 Nf6 7. Nf3 d6 8. Nd5
Be6 9. c4 Bxe3 10. fxe3 O-O 11. b3 Bxd5 12. exd5 Nb4 13. Rc1 Nxa2 14. Rc2 Nb4
15. Rb2 Ng4 16. Qd2 a5 17. h3 f5 18. hxg4 fxg4 19. Nh2 Qg5 20. Bg2 c6 21. Qe2 e4
22. Bxe4 cxd5 23. cxd5 Nxd5 24. Nf1 Nc3 25. Bxh7+ Kf7 0-1

[Event "Challenge"]
[Site "http://www.queenalice.com/game.php?id=386577"]
[Date "2008.4.12"]
[Round "-"]
[White "brunfmelo"]
[Black "allvaro"]
[Result "0-1"]
[WhiteElo "956"]
[BlackElo "1212"]

1. e4 e5 2. Bc4 Nh6 3. Qf3 d6 4. d4 f6 5. dxe5 Bg4 6. Qg3 dxe5 7. Qd3 Nd7 8. Nf3
c6 9. h3 Bh5 10. g4 Nc5 0-1

[Event "Challenge"]
[Site "http://www.queenalice.com/game.php?id=766958"]
[Date "2010.4.27"]
[Round "-"]
[White "bfantinatti"]
[Black "brunfmelo"]
[Result "0-1"]
[WhiteElo "1300"]
[BlackElo "949"]

1. e4 e5 2. Nf3 d6 3. Bc4 Nf6 4. d4 Nxe4 5. Nc3 Bf5 6. d5 c6 7. Qd3 Qb6 8. Be3
Qxb2 9. Rd1 Nxf2 10. Kxf2 Bxd3 11. Rxd3 Qxc2+ 12. Bd2 e4 13. Rc1 Qb2 14. Rb1 Qa3
15. Nb5 Qc5+ 16. Be3 Qxc4 17. Nc7+ Kd8 18. Rdb3 Kxc7 19. Rxb7+ Kc8 20. Bxa7 Na6
21. R1b6 g6 22. Rxc6+ Kxb7 23. Rxc4 Kxa7 24. Nd4 Re8 25. Nc6+ Kb6 26. Rc3 Nc5
27. Rc4 Nd3+ 28. Ke2 Bh6 29. Ra4 Nc1+ 30. Ke1 e3 31. Ra7 e2 0-1

[Event "Challenge"]
[Site "http://www.queenalice.com/game.php?id=779065"]
[Date "2010.5.21"]
[Round "-"]
[White "Mariojose"]
[Black "brunfmelo"]
[Result "1-0"]
[WhiteElo "895"]
[BlackElo "983"]

1. e4 f6 2. Bc4 e6 3. Nf3 Nc6 4. Nh4 Bc5 5. c3 Ne5 6. Be2 g5 7. Nf3 Ng4 8. d4
Bd6 9. Nxg5 fxg5 10. Bxg4 Nf6 11. Bxg5 c5 12. Bh5+ Kf8 13. Bh6+ Ke7 14. e5 Nxh5
15. exd6+ Kxd6 16. Qxh5 Qb6 17. O-O Qc6 18. Qe5+ Ke7 19. Bg5+ Kf8 20. Qf6+ Kg8
21. Bh6 1-0

[Event "2014"]
[Site "http://www.queenalice.com/game.php?id=1260893"]
[Date "2014.2.28"]
[Round "-"]
[White "bfantinatti"]
[Black "brunfmelo"]
[Result "0-1"]
[WhiteElo "1050"]
[BlackElo "999"]

1. e4 Nf6 2. Nc3 e5 3. Nf3 Nc6 4. Be2 Nd4 5. Nxe5 Nxe2 6. Qxe2 d6 7. Qb5+ c6 8.
Qc4 Be6 9. Qb4 dxe5 10. Qa4 Bc5 11. O-O Ng4 12. h3 Qh4 13. d4 exd4 14. g3 Qxh3
15. Re1 Qh2+ 16. Kf1 Qxf2# 0-1

[Event "Mais uma?"]
[Site "http://www.queenalice.com/game.php?id=1261667"]
[Date "2014.3.3"]
[Round "-"]
[White "brunfmelo"]
[Black "bfantinatti"]
[Result "0-1"]
[WhiteElo "1027"]
[BlackElo "937"]

1. d4 d5 2. Nf3 Nc6 3. c3 Bf5 4. Bf4 e6 5. Qa4 Bd6 6. Bg5 Qd7 7. e3 f6 8. Bf4
Ne5 9. Qb3 Nh6 10. dxe5 Bc5 11. Bb5 c6 12. exf6 gxf6 13. Bxh6 cxb5 14. Bg7 Qxg7
15. Qxb5+ Kf7 16. Qxb7+ Be7 17. Na3 Qxg2 18. Rg1 Qxf3 19. Rg7+ Kxg7 20. Qxe7+
Kg6 21. Rd1 Rhe8 22. Qc5 Rec8 23. Qd4 Bg4 24. Qd3+ f5 25. e4 Qh1+ 26. Qf1 Qxf1+
27. Kxf1 Bxd1 28. Nb5 Rc4 29. h4 Rxe4 30. Nd6 Rxh4 31. Kg1 Rb8 32. b4 Bf3 33.
Kf1 Rh1# 0-1

[Event "Quinto combate"]
[Site "http://www.queenalice.com/game.php?id=1263369"]
[Date "2014.3.8"]
[Round "-"]
[White "brunfmelo"]
[Black "bfantinatti"]
[Result "0-1"]
[WhiteElo "998"]
[BlackElo "1035"]

1. d4 d5 2. Nc3 e6 3. e3 Nf6 4. f4 g6 5. b3 Nc6 6. Bd3 Bd6 7. Nf3 Bb4 8. Bb2 Ng4
9. a3 Nxe3 10. Qd2 Nf5 11. g4 Ncxd4 12. Nxd4 Nxd4 13. Qf2 Bc5 14. b4 Bb6 15.
O-O-O Nb3+ 16. cxb3 Bxf2 17. g5 d4 18. Ne4 Be3+ 19. Nd2 Qd5 20. Bc4 Qf5 21. Rdf1
Qg4 22. h3 Qg2 23. Rd1 O-O 24. a4 Bxd2+ 25. Rxd2 Qxh1+ 26. Rd1 Qxh3 27. Bxd4 b6
28. Bf1 e5 29. Bxh3 Bxh3 30. Bxe5 Bg4 31. Rg1 h5 32. Kd2 h4 33. Rxg4 f5 34. Rxh4
Rad8+ 35. Ke2 c5 36. Rh8+ Kf7 37. Rh7+ Ke8 38. Bf6 Rf7 39. Rh8+ Rf8 40. Bxd8
Rxh8 41. Bc7 Rh2+ 42. Kf1 cxb4 43. Bb8 a6 44. Bd6 Rh4 45. Kf2 b5 46. Bxb4 Rxf4+
47. Ke2 Rxb4 48. Kd2 bxa4 49. bxa4 f4 50. Ke2 Rxa4 51. Kf3 Rc4 52. Ke2 a5 53.
Kd3 Rc5 54. Ke4 Rf5 55. Kf3 a4 56. Ke2 a3 0-1

[Event "Sexto combate"]
[Site "http://www.queenalice.com/game.php?id=1267605"]
[Date "2014.3.24"]
[Round "-"]
[White "bfantinatti"]
[Black "brunfmelo"]
[Result "0-1"]
[WhiteElo "1096"]
[BlackElo "978"]

1. e4 e5 2. Nf3 d6 3. Nc3 Nc6 4. Bc4 Be6 5. d3 Bxc4 6. dxc4 Nf6 7. Nd5 Nxe4 8.
Be3 f5 9. g3 Na5 10. b3 c6 11. b4 Nxc4 12. Qe2 Nxe3 13. Nxe3 Qb6 14. O-O g6 15.
Nc4 Qa6 16. Rfe1 Bh6 17. Na5 c5 18. c3 Nxc3 19. Qc4 Qxc4 20. Nxc4 O-O-O 21. Rac1
Ne2+ 22. Rxe2 Bxc1 23. b5 e4 24. Ne1 d5 25. Ne5 d4 26. Rc2 Ba3 27. Nc4 d3 28.
Rd2 Bb4 29. Ng2 Bxd2 30. Nxd2 Rhe8 31. h3 h5 32. a4 Rd4 33. a5 Ra4 34. Nb3 c4
35. Nc5 Ra1+ 36. Kh2 d2 37. Ne3 Rd8 38. Nxc4 d1=Q 0-1

[Event "7º combate"]
[Site "http://www.queenalice.com/game.php?id=1268952"]
[Date "2014.3.29"]
[Round "-"]
[White "bfantinatti"]
[Black "brunfmelo"]
[Result "1-0"]
[WhiteElo "1022"]
[BlackElo "1005"]

1. c4 c5 2. Nf3 Nf6 3. d3 Nc6 4. Be3 d6 5. Bf4 e5 6. Bg5 Qa5+ 7. Nc3 h6 8. Bd2
Qd8 9. g3 g5 10. e4 a6 11. Nd5 b6 12. Qb3 Nd4 13. Qd1 g4 14. Nxd4 exd4 15. Bf4
Nxd5 16. exd5 Bb7 17. Qxg4 Qe7+ 18. Be2 Bc8 19. Qf3 Rg8 20. O-O Bg4 21. Qg2 Bxe2
22. Rfe1 O-O-O 23. f3 Re8 24. Rad1 Qd7 25. Rxe2 Qa4 26. Rde1 Bg7 27. Re7 Bf6 28.
b3 Qa3 29. Qh3+ Rg4 30. Qxg4+ Kb8 31. Bxd6+ Ka8 32. Rxe8+ Kb7 33. Qd7# 1-0

[Event "8º combate"]
[Site "http://www.queenalice.com/game.php?id=1269570"]
[Date "2014.4.1"]
[Round "-"]
[White "brunfmelo"]
[Black "bfantinatti"]
[Result "0-1"]
[WhiteElo "986"]
[BlackElo "1070"]

1. c4 e5 2. e4 Nc6 3. Nc3 Bc5 4. Na4 d6 5. Nxc5 dxc5 6. Nf3 Nf6 7. d3 O-O 8. Qd2
Bg4 9. h3 Bxf3 10. gxf3 Nd4 11. Be2 Nh5 12. Rg1 Qd7 13. Qg5 g6 14. f4 Nxf4 15.
Bxf4 exf4 16. Bg4 Qd6 17. e5 Rae8 18. Kf1 Rxe5 19. Qxf4 Re1+ 20. Rxe1 Qxf4 21.
Rg3 f5 22. Bh5 Qd6 23. b3 Nc2 24. Re2 Qc6 25. Rxc2 Qh1+ 26. Rg1 Qxh3+ 27. Ke1
Qxh5 28. Re2 f4 29. f3 Rd8 30. Re4 Qxf3 31. Rf1 Qxd3 0-1

[Event "9º Combate"]
[Site "http://www.queenalice.com/game.php?id=1271530"]
[Date "2014.4.9"]
[Round "-"]
[White "bfantinatti"]
[Black "brunfmelo"]
[Result "1-0"]
[WhiteElo "1101"]
[BlackElo "971"]

1. e4 Nf6 2. Nc3 e5 3. Nf3 d6 4. d4 Nc6 5. Bc4 Be6 6. d5 Bd7 7. dxc6 Bxc6 8. Ng5
d5 9. exd5 Nxd5 10. Nxd5 f6 11. Ne6 Qd7 12. b3 Bd6 13. Qg4 Rg8 14. Qh3 g5 15. a4
a6 16. Nxf6+ Kf7 17. Nxd7 Bxd7 18. Qxh7+ Ke8 19. Qxg8+ Bf8 20. Qxf8# 1-0

[Event "10º combate"]
[Site "http://www.queenalice.com/game.php?id=1273096"]
[Date "2014.4.14"]
[Round "-"]
[White "bfantinatti"]
[Black "brunfmelo"]
[Result "1-0"]
[WhiteElo "1126"]
[BlackElo "959"]

1. c4 c5 2. Nc3 Nf6 3. d3 Nc6 4. e4 e5 5. a4 d6 6. Be2 Nb4 7. Nf3 h6 8. Nd5 Qd7
9. Nh4 Be7 10. Nf5 Nfxd5 11. Bg4 Qc7 12. exd5 Bg5 13. Nxg7+ Ke7 14. O-O Rf8 15.
f4 f5 16. fxg5 fxg4 17. gxh6 Qd7 18. Ne6 Qe8 19. Rxf8 Qh5 20. h3 Bxe6 21. Rxa8
Bf5 22. Rxa7 Nxd3 23. Rxb7+ Kf6 24. Rb6 Ke7 25. Bd2 Qh4 26. Qf1 Qf2+ 27. Qxf2
Nxf2 28. Kxf2 Kd7 29. h7 Bxh7 30. Rb7+ Kc8 31. Rxh7 e4 32. hxg4 1-0

[Event "OS INCLIVEIS"]
[Site "http://www.queenalice.com/game.php?id=1273559"]
[Date "2014.4.16"]
[Round "-"]
[White "adelio"]
[Black "brunfmelo"]
[Result "1-0"]
[WhiteElo "1759"]
[BlackElo "949"]

1. d4 Nc6 2. d5 Ne5 3. f4 Nc4 4. e4 b5 5. b3 Na5 6. Bxb5 c6 7. dxc6 dxc6 8.
Qxd8+ Kxd8 9. Be2 e6 10. Bd2 Nb7 11. Nf3 a5 12. h4 h6 13. g4 Nf6 14. Ne5 Nd6 15.
Nxc6+ Kd7 16. Nxa5 Nfxe4 17. Na3 Nb7 18. Bb5+ Kc7 19. Nxb7 Ng3 20. Rh3 Bxb7 21.
Rxg3 Bxa3 22. Rd1 Rhd8 23. f5 Ra5 24. Bxa5+ Kc8 25. Rxd8# 1-0

[Event "OS INCLIVEIS"]
[Site "http://www.queenalice.com/game.php?id=1273560"]
[Date "2014.4.16"]
[Round "-"]
[White "brunfmelo"]
[Black "adelio"]
[Result "0-1"]
[WhiteElo "949"]
[BlackElo "1731"]

1. d4 d5 2. Nc3 c5 3. dxc5 Nf6 4. e3 g6 5. f4 Nc6 6. Nf3 e6 7. g3 Bxc5 8. Nd4
Nxd4 9. exd4 Bb4 10. a3 Bxc3+ 11. bxc3 Ne4 12. Qe2 Nxc3 13. Bd2 Nxe2 14. Bxe2
O-O 15. O-O Qf6 16. Bc3 Qg7 17. Rae1 Bd7 18. Bb4 Qxd4+ 19. Rf2 Rfc8 20. Rc1 Qe3
21. Bd2 Qxd2 22. Rd1 Qxc2 23. Bd3 Qxd1+ 24. Bf1 Qd4 25. h4 Rc2 26. Be2 Rxe2 27.
f5 Qxf2+ 0-1

[Event "11º Combate"]
[Site "http://www.queenalice.com/game.php?id=1274593"]
[Date "2014.4.20"]
[Round "-"]
[White "bfantinatti"]
[Black "brunfmelo"]
[Result "1-0"]
[WhiteElo "1145"]
[BlackElo "949"]

1. e4 e5 2. Nf3 Nc6 3. Bc4 Qe7 4. Nc3 Nf6 5. d3 d6 6. h3 Be6 7. Bg5 h6 8. Bxf6
Qxf6 9. Nb5 Rc8 10. b3 a6 11. Bxe6 Qxe6 12. Nc3 b5 13. Qc1 Be7 14. Qa3 Ra8 15.
Nd5 b4 16. Qa4 Qd7 17. Nh4 Bxh4 18. g4 O-O 19. Nxb4 Nb8 20. d4 c5 21. Nd5 Qb7
22. Ne3 1-0